| 000 | 00391nam a2200145Ia 4500 | ||
|---|---|---|---|
| 008 | 150201s2001 xx 000 0 und d | ||
| 082 |
_a616.07 _bP2001R |
||
| 100 | _aROBBIN'S | ||
| 245 | _aROBBINS PATHOLOGIC BASIS OF DISEASE | ||
| 250 | _a6TH | ||
| 260 |
_bHARCOURT INDIA PRIVATE LIMITED _aGREATER KAILASH-2 (NEW DELHI) _c2001 |
||
| 300 | _a1-1425 | ||
| 650 | _aPATHOLOGY | ||
| 942 |
_2ddc _cBK |
||
| 999 |
_c2716 _d2716 |
||